| 000 | 01072nac a22003131i 4500 | ||
|---|---|---|---|
| 003 | EG-ScBUE | ||
| 005 | 20250707085923.0 | ||
| 008 | 250702r20021988ii a f 001 0 eng d | ||
| 020 | _a0070474389 | ||
| 020 | _a9780070474383 | ||
| 040 |
_aEG-ScBUE _beng _erda _cEG-ScBUE _dEG-ScBUE |
||
| 082 | 0 | 4 |
_a540.76 _bGOL _222 |
| 100 | 1 |
_aGoldberg, David E. _q(David Elliott), _d1932- _eauthor. |
|
| 245 | 1 | 0 |
_a3000 solved problems in chemistry / _cby David E. Goldberg, Ph.D., Brooklyn College. |
| 246 | 3 | _aThree thousand solved problems in chemistry | |
| 246 | 3 | 0 | _aChemistry |
| 250 | _aSecond reprint. | ||
| 250 | _aTata McGraw-Hill edition. | ||
| 264 | 1 |
_aNew Delhi : _bTata McGraw-Hill Publishing Company, _c2002. |
|
| 300 |
_av, 613 pages : _billustrations ; _c28 cm. |
||
| 336 |
_2rdacontent _atext _btxt |
||
| 337 |
_aunmediated _2rdamedia _bn |
||
| 338 |
_avolume _bnc _2rdacarrier |
||
| 490 | 0 | _aSchaum's solved problems series | |
| 500 | _aIncludes index. | ||
| 650 | 7 |
_aChemistry _xProblems, exercises, etc. _2BUEsh |
|
| 655 | _vReading book | ||
| 942 |
_cBB _2ddc |
||
| 999 |
_c1402 _d1402 |
||